00410nam a2200121 a 450000500170000000800410001705000180005810000210007624500320009726000420012999900190017195200980019020140414131857.0100827s19uu xx 00 eng d aFILbL25 2008 aAngeles, Alberta aSi langgam at si tipaklong. aManila, Philippines :bAdarna,c2008. c110504d110504 001040aMUbMUcFILd2010-08-27l0oFIL L25 2008pM0924r2014-04-14 00:00:00w2014-04-14yBK